000
00328nam a22001337a 4500
008
170905b xxu||||| |||| 00| 0 eng d
020
_a
9781412977371
041
_a
eng
080
_2
3 ED
_a
070
100
_a
40
101
_a
MED
245
_a
CLOSE ENCOUNTERS COMMUNICATION IN RELATIONS
_c
GUERRERO.L.K
942
_2
udc
_c
BK
999
_c
26100
_d
26100